Politics and cosmopolitanism in a global age / (Record no. 91998)

MARC details
000 -LEADER
fixed length control field 00641nam a22002057a 4500
005 - DATE AND TIME OF LATEST TRANSACTION
control field 20150515121754.0
010 ## - LCCN (DPL NO)
LC control number ENG-112315
020 ## - INTERNATIONAL STANDARD BOOK NUMBER
International Standard Book Number 9781138822405
Terms of availability 795.00
035 ## - SYSTEM CONTROL NUMBER
System control number EN-95847
037 ## - SOURCE OF ACQUISITION
Source of stock number/acquisition DBAD/PUB
082 ## - DEWEY DECIMAL CLASSIFICATION NUMBER
Classification number 327.17
245 ## - TITLE STATEMENT
Title Politics and cosmopolitanism in a global age /
Statement of responsibility, etc edited by Sonika Gupta [and] Sudarsan Padmanabhan
260 ## - PUBLICATION, DISTRIBUTION, ETC. (IMPRINT)
Place of publication, distribution, etc New Delhi
Name of publisher, distributor, etc Routledge
Date of publication, distribution, etc 2015
270 ## - ADDRESS
Address 912,Tolstoy House, 15-17 Tolstoy Marg, Connaught Place
City New Delhi
Postal code 110001
300 ## - PHYSICAL DESCRIPTION
Extent x,276p.
Dimensions 22cm(Hb)
500 ## - GENERAL NOTE
General note Includes index
700 ## - ADDED ENTRY--PERSONAL NAME
Personal name Gupta, Sonika
700 ## - ADDED ENTRY--PERSONAL NAME
Personal name Padmanabhan, Sudarsan
942 ## - ADDED ENTRY ELEMENTS (KOHA)
Source of classification or shelving scheme Dewey Decimal Classification
Item type English Books
Call number suffix POL
Call number prefix 327.17
Holdings
Withdrawn status Lost status Not for loan Collection code Home library Current library Date acquired Source of acquisition Cost, normal purchase price Full call number Barcode Copy number Cost, replacement price Koha item type
    Not For Loan Non-fiction D.B.Act.Division D.B.Act.Division 27/02/2015 DBAD/PUB 795.00 327.17 POL EN-95847 1 795.00 English Books

© Delhi Public Library
Hit Counter
free hit counter